Retrial queues

Αποθηκεύτηκε σε:
Λεπτομέρειες βιβλιογραφικής εγγραφής
Κύριος συγγραφέας: Falin, G. I. (Guennadi I.)
Άλλοι συγγραφείς: Templeton, James G. C.
Μορφή: Βιβλίο
Γλώσσα:English
Δημοσίευση: London ; New York : Chapman & Hall, 1997
Σειρά:Monographs on statistics and applied probability ; ; 75
Θέματα:
Ετικέτες: Προσθήκη ετικέτας
Δεν υπάρχουν, Καταχωρήστε ετικέτα πρώτοι!

MARC

LEADER 00000nam a2200000 i 4500
001 1/105758
008 000328s1997 eng d
020 |a 0412785501 
035 |l 10059374 
040 |a GR-MY-UA  |b gre  |e aacr 
041 0 |a eng 
082 0 |a 519.82 
100 1 |a Falin, G. I.  |q (Guennadi I.) 
245 1 0 |a Retrial queues /  |c G.I. Falin and J.G.C. Templeton 
260 |a London ; New York :   |b Chapman & Hall,   |c 1997 
300 |a xi, 328 p.;  |c 23 cm. 
490 1 |a Monographs on statistics and applied probability  |v ; 75 
504 |a Includes bibliographical references and index 
650 0 0 |a Queuing theory. 
700 1 |a Templeton, James G. C. 
830 0 |a Monographs on statistics and applied probability ;  |v ; 75 
852 |a INST  |b SAMOS  |e 20000328  |h 519.82 FAL  |p 005300017828  |q 005300017828  |t BK  |y 0 
901 |a BIBL3-2000-1 
909 |a Σ  |b 076879 
922 |a 3ΕΛΗ  |b 200003  |c ΤΜΗΜΑ ΜΑΘΗΜΑΤΙΚΩΝ  |d ΠΑΠΑΣΩΤΗΡΙΟΥ 
950 |a 116-2000-01-19 
970 |a ΚΟΣΙΕΡΗΣ  |b ΧΡΗΣΤΟΣ  |z 2000/03/29